000 00307nam a22001337a 4500
008 170201b xxu||||| |||| 00| 0 eng d
020 _aF07071
041 _aeng
080 _215TH
_a61
100 _a3
101 _aSHM
245 _aHARRISON'S PRINCIPLES OF INTERNAL MEDICINE
_cSTONE, R.M
942 _2udc
_cBK
999 _c4196
_d4196